| 000 | 00687nam a2200217 a 4500 | ||
|---|---|---|---|
| 008 | 120416s1986 ||||||||||||||||| || u | ||
| 020 | _a0070089299 | ||
| 050 | _aTH 2031 Bur | ||
| 100 | _aBurbank, Nelson Lincoln, 1898- | ||
| 245 | 1 | 0 | _aHouse construction details |
| 250 | _a7th ed. | ||
| 260 |
_aNew York : _bMcGraw-Hill _c1986 |
||
| 300 | _avi, 460p. : ill. | ||
| 350 | _a0.00 | ||
| 650 | _aBUILDING | ||
| 650 | _aBUILDING--DETAILS | ||
| 650 | _aHOUSE CONSTRUCTION | ||
| 700 | _aRomney, Arnold B | ||
| 700 | _aPhelps, Charles | ||
| 995 |
_D0.00 _FCBU-MAIN LIBRARY (Kitwe) _H1 _I19.95 _UDAMAGED _ZMain Library Open Access Collection |
||
| 999 |
_c45685 _d45685 |
||